00338nam a2200133Ia 4500008004100000041000800041082001500049100001400064245004500078250000700123260003200130300002900162365001300191240624s9999 xx 000 0 und d aeng a650.14 GIB aGIBB ANDY aGET THAT JOB THE COMPLETE THOROUGH HANDS a11 c2010aNew DelhibViva Books ax, : 230 : p. : cm. ; 23 cRSb33.5